00258nam a2200109Ia 4500008004100000100001100041245004500052260001700097650001000114942000700124999001700131190216s9999||||xx |||||||||||||| ||und|| aSharma 0aHindi-Hindi Thatha Telegu Satak Sahithya bAuthorspress aHindi cBK c15550d15550